Minecraft: Diamond Crafting Recipes - Statistics

General Stats
  • This quiz has been taken 69 times
  • The average score is 17 of 32
Answer Stats
Recipe Answer % Correct
1x Diamond + 2x Stick Diamond Shovel
96%
3x Diamond + 2x Stick Diamond Axe
94%
3x Diamond + 2x Stick Diamond Pickaxe
94%
2x Diamond + 1x Stick Diamond Sword
94%
4x Diamond Diamond Boots
92%
5x Diamond Diamond Helmet
92%
2x Diamond + 2x Stick Diamond Hoe
92%
8x Diamond Diamond Chestplate
91%
7x Diamond Diamond Leggings
91%
9x Diamond Block of Diamond
89%
1x Diamond + 8x Planks Jukebox
83%
2x Diamond + 1x Book + 4x Obsidian Enchanting Table
81%
1x Diamond + 1-7x Dye + 1x Gunpowder + 0-1x Feather + 0-1x Fire Charge + 0-1x Gold Nugget + 0-1x Head Firework Star
42%
7x Diamond + 1x Cobblestone + 1x Smithing Template Smithing Template ({Vex Armor Trim})
38%
7x Diamond + 1x Cobbled Deepslate + 1x Smithing Template Smithing Template ({Silence Armor Trim})
36%
7x Diamond + 1x Cobblestone + 1x Smithing Template Smithing Template ({Coast Armor Trim})
34%
7x Diamond + 1x Netherrack + 1x Smithing Template Smithing Template ({Netherite Upgrade})
34%
7x Diamond + 1x Prismarine + 1x Smithing Template Smithing Template ({Tide Armor Trim})
34%
7x Diamond + 1x End Stone + 1x Smithing Template Smithing Template ({Eye Armor Trim})
32%
7x Diamond + 1x Cobbled Deepslate + 1x Smithing Template Smithing Template ({Ward Armor Trim})
32%
7x Diamond + 1x Sandstone + 1x Smithing Template Smithing Template ({Dune Armor Trim})
30%
7x Diamond + 1x Smithing Template + 1x Terracotta Smithing Template ({Host Armor Trim})
30%
7x Diamond + 1x Netherrack + 1x Smithing Template Smithing Template ({Rib Armor Trim})
30%
7x Diamond + 1x Cobblestone + 1x Smithing Template Smithing Template ({Sentry Armor Trim})
30%
7x Diamond + 1x Blackstone + 1x Smithing Template Smithing Template ({Snout Armor Trim})
30%
7x Diamond + 1x Smithing Template + 1x Terracotta Smithing Template ({Raiser Armor Trim})
28%
7x Diamond + 1x Purpur Block + 1x Smithing Template Smithing Template ({Spire Armor Trim})
28%
7x Diamond + 1x Smithing Template + 1x Terracotta Smithing Template ({Wayfinder Armor Trim})
28%
7x Diamond + 1x (Waxed) Block of Copper + 1x Smithing Template Smithing Template ({Bolt Armor Trim})
26%
7x Diamond + 1x Smithing Template + 1x Terracotta Smithing Template ({Shaper Armor Trim})
26%
7x Diamond + 1x Mossy Cobblestone + 1x Smithing Template Smithing Template ({Wild Armor Trim})
26%
7x Diamond + 1x Breeze Rod + 1x Smithing Template Smithing Template ({Flow Armor Trim})
25%
No matching quizzes found
Score Distribution
Percent of People with Each Score
Percentile by Number Answered
Your Score History
You have not taken this quiz